000 00630nam a2200205Ia 4500
001 15290
003 GE_BSU
008 181216s||||||||xx |||||||||||||| ||und||
040 _cGE_BSU
080 _a821.353.1-1
100 _aშანშიაშვილი,სანდრო
245 _aთხზულებანი ერთ ტომად
245 _cრედ.მ.ქოიავა. მხატვ. ზ.ფორჩხიძე
260 _aთბილისი
260 _bმერანი
260 _c1976
300 _a551გვ.21სმ.
653 _aთხზულებანი
942 _cBK
999 _c48399
_d48399